| 000 | 00686cam a22002292 4500 | ||
|---|---|---|---|
| 001 | 0000002169 | ||
| 005 | 20151217151842.0 | ||
| 008 | 070403s xx 000 0 eng d | ||
| 020 | _a0395543525D : | ||
| 040 |
_aKABU _cKABU |
||
| 050 | 0 |
_aHF5415 _b.M37 1991 |
|
| 245 | 1 | 0 |
_aMarketing : _bconcepts and strategies / _cSally Dibb ... [et al.] |
| 250 | _aEuropean ed. | ||
| 260 |
_aBoston : _bHoughton Mifflin, _c1991. |
||
| 300 | _axxxvii, 739 p. | ||
| 650 | 0 |
_aMarketing. _@0000151351 |
|
| 700 | 1 |
_aDibb, Sally. _@0000151429 |
|
| 908 | _a070403 | ||
| 950 | _@1 | ||
| 999 |
_c5682 _d5682 |
||